000 00343nam a2200145Ia 4500
003 OSt
005 20231220060817.0
008 170524s9999 xx 000 0 und d
020 _a9788131300657
040 _cIIMT UNIVERSITY
100 _aBANSAL- SK
245 0 _aJOURNALISM & ELECTRONIC MEDIA
260 _bA P H NEW DELHI
942 _2ddc
_c01
999 _c9030
_d9030